Higiene e inspección de carnes : procedimientos recomendados e interpretación de la normativa legal /

-д хадгалсан:
Номзүйн дэлгэрэнгүй
Үндсэн зохиолч: Moreno García, Benito (autor)
Формат: Ном
Хэл сонгох:испани
Хэвлэсэн: Madrid, España Díaz de Santos, 2006, c2006
Хэвлэл:2a edición
Нөхцлүүд:
Шошгууд: Шошго нэмэх
Шошго байхгүй, Энэхүү баримтыг шошголох эхний хүн болох!

MARC

LEADER 00000nam^a2200000^a^4500
001 000344309
005 20250521000000.0
009 20260310114645.688
020 |a 84-7978-764-3 
037 |a Acervo ITESO - Biblioteca 
041 |a ESP 
082 |a 664. 907  |b MOR V. 1 
100 |a Moreno García, Benito  |e (autor) 
240 1 1 |a [Higiene e inspección de carnes] 
245 1 0 |a Higiene e inspección de carnes :  |b procedimientos recomendados e interpretación de la normativa legal /  |c B. Moreno García. 
250 |a 2a edición 
264 4 |a Madrid, España  |b Díaz de Santos,  |c 2006, c2006 
300 |a XVIII, 646 p. 
336 |a texto  |b txt  |2 rdacontenido 
337 |a sin mediación  |b n  |2 rdamedio 
338 |a volumen  |b nc  |2 rdasoporte 
521 |a 2014 BO Licenciatura en Ingeniería de Alimentos 
649 |a XX 
650 |a Carne -  |x Industria y Comercio 
650 |a Industria Alimenticia 
650 |a Carne -  |x Higiene e Inspección Sanitaria -  |x Tema Principal 
650 |a Control de Alimentos 
650 |a Salud Pública 
650 |a Tecnología de Alimentos 
910 |a Fondo General 
920 |a Impresos - Libros 
930 |a Colección General 
905 |a 101 
901 |a 0500234610  |b IT1  |c ACC  |i C141655  |u 20250521 
901 |a 0500234611  |b IT1  |c ACC  |i C141656  |u 20250521 
902 |a https://opac.biblio.iteso.mx/vufind/Record/000344309